[Event "HUN-chT2 Barcza 1011"]
[Site "Hungary"]
[Date "2011.05.01"]
[Round "10.9"]
[White "Kantor, Jozsef"]
[Black "Fabian, Lajos"]
[Result "1-0"]
[WhiteElo "1977"]
[BlackElo "1748"]
[PlyCount "73"]
[EventDate "2010.09.12"]
[EventType "team-tourn"]
[EventRounds "11"]
[EventCountry "HUN"]
[SourceTitle "EXT 2012"]
[Source "ChessBase"]
[SourceDate "2011.11.24"]
[SourceVersion "1"]
[SourceVersionDate "2011.11.24"]
[SourceQuality "1"]
[WhiteTeam "Mezokovesd"]
[BlackTeam "Sajoszentpeter"]
[WhiteTeamCountry "HUN"]
[BlackTeamCountry "HUN"]

1. d4 Nf6 2. c4 g6 3. Nc3 d5 4. Nf3 Bg7 5. Bf4 c6 6. e3 0-0 7. Be2 Nbd7 8. h3 Nb6 9. b3 dxc4 10. bxc4 Nh5 11. Bh2 c5 12. Rc1 cxd4 13. Nxd4 Bxd4 14. exd4 Nf6 15. 0-0 Ne8 16. Qd2 Be6 17. d5 Rc8 18. Nb5 a6 19. Nd4 Bd7 20. Rfd1 Ng7 21. Nb3 Ba4 22. c5 Nd7 23. Qb4 Bxb3 24. axb3 b5 25. Qa3 Nf5 26. b4 Ra8 27. g4 Nh4 28. Bg3 e6 29. d6 f5 30. c6 Nb6 31. c7 Qf6 32. d7 Nc4 33. Bxh4 Qxh4 34. Qg3 Qxg3+ 35. fxg3 Ne3 36. d8Q Nxd1 37. Rxd1 1-0

[Event "HUN-chT2 Barcza 1011"]
[Site "Hungary"]
[Date "2011.03.27"]
[Round "7.9"]
[White "Kantor, Jozsef"]
[Black "Koncz, Istvan"]
[Result "1-0"]
[WhiteElo "1977"]
[BlackElo "1750"]
[PlyCount "101"]
[EventDate "2010.09.12"]
[EventType "team-tourn"]
[EventRounds "11"]
[EventCountry "HUN"]
[SourceTitle "EXT 2012"]
[Source "ChessBase"]
[SourceDate "2011.11.24"]
[SourceVersion "1"]
[SourceVersionDate "2011.11.24"]
[SourceQuality "1"]
[WhiteTeam "Mezokovesd"]
[BlackTeam "Balkany"]
[WhiteTeamCountry "HUN"]
[BlackTeamCountry "HUN"]

1. d4 d6 2. c4 Nf6 3. Nc3 g6 4. e4 Bg7 5. f4 e6 6. Nf3 b6 7. Bd3 c5 8. d5 exd5 9. cxd5 0-0 10. 0-0 a6 11. Kh1 b5 12. Be3 Ng4 13. Bg1 b4 14. Na4 Bd7 15. Rb1 Bb5 16. b3 Bxd3 17. Qxd3 Nd7 18. Rbc1 Re8 19. Rc4 Nb6 20. Nxb6 Qxb6 21. h3 Nf6 22. Kh2 Nd7 23. Nd2 Qb5 24. Qf3 Rf8 25. Rc2 Nb6 26. Nc4 Nxc4 27. Rxc4 a5 28. e5 dxe5 29. Rxc5 Qd7 30. f5 gxf5 31. Qxf5 Qxf5 32. Rxf5 Rfd8 33. Be3 f6 34. Rf2 Bf8 35. Rb5 Ra6 36. g4 h6 37. Kg2 Rd7 38. Kf3 Kg7 39. Rc2 a4 40. Rc6 Rd6 41. Rxd6 Rxd6 42. bxa4 Ra6 43. a5 Be7 44. Rb7 Rxa5 45. Rxe7+ Kf8 46. Rb7 Rxa2 47. Bxh6+ Ke8 48. Rxb4 Ra3+ 49. Be3 Ke7 50. Ke4 Kd6 51. Rb6+ 1-0